[Event "OLSW 2324 SF Heidesheim - SC Caissa Schw"]
[Site "?"]
[Date "2023.12.03"]
[Round "4.3"]
[White "Buermann, Jan"]
[Black "Foerster, Erik"]
[Result "1-0"]
[WhiteElo "2081"]
[BlackElo "2159"]
[PlyCount "101"]
[EventDate "2023.??.??"]

1. d4 d5 2. c4 c6 3. cxd5 cxd5 4. Bf4 Nf6 5. e3 Nc6 6. Nc3 a6 7. Be2 Qb6 8. Nf3 Qxb2 9. Rc1 Bf5 10. O-O e6 11. Na4 Qa3 12. Nb6 Rd8 13. Bc7 Be7 14. Qb3 Qxb3 15. axb3 Nb4 16. Ne5 Ne4 17. Bxd8 Bxd8 18. Rc8 Nd6 19. Ra8 f6 20. Ned7 Ke7 21. Nc5 e5 22. Nxb7 Bxb6 23. Rxh8 Nf7 24. Ra8 exd4 25. exd4 Bxd4 26. Rc1 Bc2 27. Bd1 Bxd1 28. Rxd1 Bb6 29. Rc8 Ne5 30. Nc5 Kd6 31. Na4 Ba7 32. Ra8 Nbc6 33. h3 h5 34. Nb2 g5 35. Nd3 g4 36. Nf4 d4 37. Nxh5 gxh3 38. gxh3 Kc5 39. Nxf6 d3 40. Kg2 Kd4 41. f4 Ng6 42. Kf3 Nh4+ 43. Kg4 Ng2 44. Rd2 Ne3+ 45. Kg5 Nf1 46. Rf2 Ng3 47. Rc8 Na5 48. Rf3 Ne4+ 49. Nxe4 Kxe4 50. Kg4 Nxb3 51. Re8+ 1-0

[Event "OLSW 2324 SF Heidesheim - SC Caissa Schw"]
[Site "?"]
[Date "2023.12.03"]
[Round "4.4"]
[White "Perske, Paul"]
[Black "Becker, Joerg"]
[Result "1/2-1/2"]
[WhiteElo "2077"]
[BlackElo "2101"]
[PlyCount "77"]
[EventDate "2023.??.??"]

1. e4 Nf6 2. e5 Nd5 3. d4 d6 4. Nf3 dxe5 5. Nxe5 c6 6. Bd3 Nd7 7. Nxd7 Qxd7 8. O-O Qg4 9. Qxg4 Bxg4 10. c3 e6 11. a4 Bd6 12. Na3 Nf4 13. Bxf4 Bxf4 14. Nc4 O-O 15. Rfe1 Bc7 16. Ne5 Bh5 17. a5 Bxe5 18. Rxe5 Bg6 19. Be2 Rfd8 20. Bf3 Rac8 21. h4 Bd3 22. b4 Bc4 23. Kh2 f6 24. Re3 Kf7 25. Rae1 Rd6 26. h5 Rc7 27. Bd1 b6 28. axb6 axb6 29. Bc2 f5 30. Re5 Ra7 31. Kg3 Ra3 32. R1e3 g5 33. hxg6+ hxg6 34. f4 Kf6 35. Bd1 Ra2 36. Be2 Rxe2 37. Rxe2 Bxe2 38. Rxe2 c5 39. bxc5 1/2-1/2

[Event "OLSW 2324 SV Worms 1878 - SK Landau"]
[Site "?"]
[Date "2023.12.03"]
[Round "4.1"]
[White "Schmidt, Justus"]
[Black "Nasshan, Dennis"]
[Result "0-1"]
[WhiteElo "2192"]
[BlackElo "2310"]
[PlyCount "118"]
[EventDate "2023.??.??"]

1. e4 c6 2. d4 d5 3. e5 Bf5 4. c4 e6 5. Nc3 Ne7 6. a3 dxc4 7. Bxc4 Nd7 8. Nge2 Nb6 9. Bb3 Qd7 10. Ng3 O-O-O 11. Be3 Kb8 12. O-O Bg6 13. Qe2 h5 14. Nge4 Bxe4 15. Nxe4 Nf5 16. Rfd1 Nd5 17. Bc2 f6 18. exf6 gxf6 19. Nc3 Nfxe3 20. fxe3 Bh6 21. Nxd5 Qxd5 22. Rd3 Rhg8 23. Rf1 Bg5 24. Rc3 h4 25. Rf3 Rge8 26. Rf1 e5 27. dxe5 Qxe5 28. Re1 Bf4 29. h3 Bg5 30. Bg6 Re6 31. Rd3 Red6 32. Rxd6 Rxd6 33. e4 Rd2 34. Qg4 Qd4+ 35. Kh1 a6 36. b3 Qe5 37. Rd1 Rxd1+ 38. Qxd1 Be3 39. Qe1 Bc5 40. Bf5 Bd6 41. Kg1 Qc5+ 42. Kh1 Qxa3 43. Qd1 Qc5 44. Bg4 Qe5 45. Kg1 Bc5+ 46. Kf1 Qxe4 47. Qd8+ Ka7 48. Qxf6 Qd3+ 49. Ke1 Qe3+ 50. Kf1 Qg1+ 51. Ke2 Qxg2+ 52. Kd3 Qd5+ 53. Kc2 Qe4+ 54. Kc3 a5 55. Qf7 Bb4+ 56. Kb2 Qd4+ 57. Kb1 Qd3+ 58. Kb2 Qd2+ 59. Kb1 Bc3 0-1

[Event "OLSW 2324 SV Worms 1878 - SK Landau"]
[Site "?"]
[Date "2023.12.03"]
[Round "4.2"]
[White "Karsay, Pascal"]
[Black "Bruch, Jochen"]
[Result "1-0"]
[WhiteElo "2306"]
[BlackElo "2200"]
[PlyCount "77"]
[EventDate "2023.??.??"]

1. Nf3 e6 2. c4 c5 3. Nc3 Nf6 4. e3 Be7 5. d4 cxd4 6. exd4 d5 7. cxd5 exd5 8. Bd3 Nc6 9. h3 a6 10. O-O b5 11. Re1 O-O 12. Bg5 Be6 13. Rc1 Rc8 14. a4 h6 15. Bh4 Nb4 16. axb5 Nxd3 17. Qxd3 axb5 18. Qxb5 Rb8 19. Qe2 Qb6 20. Na4 Qb4 21. Nc5 Bxc5 22. dxc5 Ne4 23. c6 g5 24. Bg3 Nxg3 25. fxg3 Rfc8 26. Qe5 Qxb2 27. Qxb2 Rxb2 28. Nd4 Kg7 29. Nxe6+ fxe6 30. Rxe6 d4 31. Rd6 Rf8 32. Rd7+ Kg6 33. c7 Rff2 34. Rc6+ Kh5 35. c8=Q Rxg2+ 36. Kf1 Rbf2+ 37. Ke1 Re2+ 38. Kd1 Rd2+ 39. Kc1 1-0

[Event "OLSW 2324 SV Worms 1878 - SK Landau"]
[Site "?"]
[Date "2023.12.03"]
[Round "4.3"]
[White "Leuranguer, Yannick"]
[Black "Ollenberger, Roland"]
[Result "1/2-1/2"]
[WhiteElo "2190"]
[BlackElo "2280"]
[PlyCount "47"]
[EventDate "2023.??.??"]

1. e4 e5 2. Nf3 Nc6 3. Nc3 Nf6 4. d4 exd4 5. Nd5 Nxd5 6. exd5 Bb4+ 7. Bd2 Qe7+ 8. Qe2 Bxd2+ 9. Kxd2 Qxe2+ 10. Bxe2 Nb4 11. Bc4 O-O 12. Nxd4 a5 13. a3 Na6 14. Rae1 c6 15. d6 b5 16. Ba2 Nc5 17. Re7 g6 18. Kc1 Ra6 19. Nf3 Nb7 20. Rd1 c5 21. Ne5 Rxd6 22. Nxf7 Rxd1+ 23. Kxd1 c4 24. Nh6+ 1/2-1/2

[Event "OLSW 2324 SV Worms 1878 - SK Landau"]
[Site "?"]
[Date "2023.12.03"]
[Round "4.4"]
[White "Feldmann, Johannes"]
[Black "Kuhn, Daniel"]
[Result "1-0"]
[WhiteElo "2200"]
[BlackElo "1891"]
[PlyCount "67"]
[EventDate "2023.??.??"]

1. c4 e5 2. Nc3 Nf6 3. Nf3 Nc6 4. g3 d5 5. cxd5 Nxd5 6. Bg2 Nb6 7. O-O Be7 8. a3 O-O 9. b4 Be6 10. b5 Nd4 11. Rb1 f6 12. e3 Nxf3+ 13. Bxf3 Bc4 14. Bxb7 f5 15. Re1 Bd3 16. Rb3 Rb8 17. Bg2 Bc5 18. a4 e4 19. f3 Qe7 20. a5 Nc4 21. Nd5 Qd7 22. fxe4 fxe4 23. Nf4 Nxa5 24. Rxd3 exd3 25. Bd5+ Kh8 26. Be4 Rxf4 27. gxf4 Rb6 28. Qh5 Bxe3+ 29. Rxe3 Rh6 30. Rxd3 Qe7 31. Qxh6 gxh6 32. Bb2+ Kg8 33. Bd5+ Kf8 34. Ba3 1-0

[Event "OLSW 2324 SV Worms 1878 - SK Landau"]
[Site "?"]
[Date "2023.12.03"]
[Round "4.5"]
[White "Groeschel, Karoline"]
[Black "Schluchter, Steffen"]
[Result "0-1"]
[WhiteElo "1878"]
[BlackElo "2076"]
[PlyCount "106"]
[EventDate "2023.??.??"]

1. e4 c5 2. Nf3 d6 3. d4 cxd4 4. Nxd4 Nf6 5. Nc3 a6 6. Bg5 e6 7. Qf3 h6 8. Bd2 Qc7 9. O-O-O Nc6 10. Nb3 b5 11. a3 Bb7 12. Re1 Rc8 13. Bd3 Nd7 14. Qg3 Nde5 15. f4 Nxd3+ 16. Qxd3 Be7 17. f5 Ne5 18. Qe2 Bf6 19. Ref1 O-O 20. fxe6 fxe6 21. Nd4 Qe7 22. Be1 Nc4 23. Qd3 Rc5 24. h4 Rfc8 25. Rh3 Ne5 26. Qd1 Rc4 27. Kb1 Nc6 28. Nxc6 Bxc6 29. b3 Rc5 30. Re3 Bb7 31. Rff3 Be5 32. Qe2 g6 33. g3 Qg7 34. Qd3 Rxc3 35. Bxc3 Rxc3 36. Qe2 Rxe3 37. Qxe3 d5 38. exd5 Bxd5 39. Rf1 Ba1 40. Qc1 h5 41. Ka2 Be5 42. Qg5 Be4 43. Qd8+ Kh7 44. Qe8 Bf5 45. Rd1 Kh6 46. Rd7 Qh8 47. Qe7 Bf6 48. Qd6 g5 49. hxg5+ Kxg5 50. Qd2+ Kg6 51. Qd1 Qc8 52. Rd2 Qc3 53. Qc1 Bg5 0-1

[Event "OLSW 2324 SV Worms 1878 - SK Landau"]
[Site "?"]
[Date "2023.12.03"]
[Round "4.6"]
[White "Boos, Patrick"]
[Black "Silber, Gerhard"]
[Result "1/2-1/2"]
[WhiteElo "2084"]
[BlackElo "2186"]
[PlyCount "61"]
[EventDate "2023.??.??"]

1. e4 e5 2. Nf3 Nc6 3. Bb5 a6 4. Bxc6 dxc6 5. O-O Bg4 6. h3 Bxf3 7. Qxf3 Qd7 8. d3 O-O-O 9. Be3 f6 10. Nd2 Ne7 11. Nb3 Ng6 12. Rad1 Bd6 13. d4 Rhe8 14. Rfe1 Qe7 15. d5 Qd7 16. Re2 b6 17. c4 c5 18. Nc1 a5 19. b3 Nf4 20. Bxf4 exf4 21. Nd3 g5 22. a3 Qe7 23. Ra1 Be5 24. Rb1 Kd7 25. Qg4+ Kd6 26. b4 axb4 27. axb4 Ra8 28. bxc5+ bxc5 29. Qf5 Rab8 30. Ree1 Bd4 31. Kh2 1/2-1/2

[Event "OLSW 2324 SV Worms 1878 - SK Landau"]
[Site "?"]
[Date "2023.12.03"]
[Round "4.7"]
[White "Wolfer, Joshua"]
[Black "Dausch, Rene"]
[Result "0-1"]
[WhiteElo "2032"]
[BlackElo "2197"]
[PlyCount "78"]
[EventDate "2023.??.??"]

1. e4 d5 2. exd5 Nf6 3. Bb5+ Nbd7 4. Qf3 a6 5. Ba4 b5 6. d6 Rb8 7. dxc7 Qxc7 8. Bb3 Bb7 9. Qh3 Nc5 10. Na3 e6 11. Ne2 Nxb3 12. cxb3 Bd6 13. d3 Bb4+ 14. Bd2 Bxd2+ 15. Kxd2 Qa5+ 16. Kd1 O-O 17. Nc3 Rfd8 18. Ke2 Rbc8 19. Rhd1 Rxc3 20. bxc3 Nd5 21. Kf1 Qxa3 22. Qh4 Qd6 23. c4 Nf4 24. f3 e5 25. Rac1 f6 26. Rc2 bxc4 27. bxc4 Qc6 28. Rcd2 Rd4 29. Qf2 Bc8 30. Qe3 Bf5 31. Kf2 Qd7 32. g3 Ne6 33. Rb1 h6 34. Rb6 Nc5 35. f4 Ne4+ 36. dxe4 Rxd2+ 37. Ke1 Rd1+ 38. Kf2 Bh3 39. Qb3 Qd2+ 0-1

[Event "OLSW 2324 SV Worms 1878 - SK Landau"]
[Site "?"]
[Date "2023.12.03"]
[Round "4.8"]
[White "Martin, Mike"]
[Black "Sarian, David"]
[Result "1-0"]
[WhiteElo "2080"]
[BlackElo "1491"]
[PlyCount "59"]
[EventDate "2023.??.??"]

1. e4 e6 2. d4 d5 3. e5 c5 4. c3 Nc6 5. Nf3 Qb6 6. Bd3 Bd7 7. O-O cxd4 8. Re1 Bc5 9. b4 Be7 10. a3 a5 11. b5 Na7 12. Nxd4 Bc5 13. a4 Bxd4 14. cxd4 Qxd4 15. Ra3 Qc5 16. Rc3 Qb6 17. Qg4 g6 18. Be3 Qd8 19. Bg5 f6 20. exf6 Nxf6 21. Qh4 Kf7 22. Bc2 Kg7 23. Rf3 Rf8 24. Bh6+ Kg8 25. Bxf8 Kxf8 26. Rxf6+ Kg7 27. Rf4 Qxh4 28. Rxh4 Rc8 29. Bd3 Rc7 30. b6 1-0

[Event "OLSW 2324 SK Frankenthal - SVG Saarbrüc"]
[Site "?"]
[Date "2023.12.03"]
[Round "4.1"]
[White "Bastian, Herbert"]
[Black "Syrov, Arkadi"]
[Result "0-1"]
[WhiteElo "2246"]
[BlackElo "2216"]
[PlyCount "64"]
[EventDate "2023.??.??"]

1. e4 e5 2. Nf3 Nc6 3. Bc4 Nf6 4. d3 Bc5 5. c3 a5 6. Bb5 O-O 7. O-O d6 8. h3 h6 9. d4 Ba7 10. Re1 Bd7 11. a3 Re8 12. Qd3 a4 13. Bxa4 Nxd4 14. Bxd7 Nxf3+ 15. Qxf3 Nxd7 16. Be3 Bxe3 17. Qxe3 b5 18. Nd2 Qg5 19. Qe2 Reb8 20. g3 Nc5 21. Kh2 Ra4 22. h4 Qg6 23. b4 Ne6 24. Nb3 Raa8 25. Red1 f5 26. Rd5 fxe4 27. Nd2 Nf4 28. gxf4 c6 29. f5 Qf6 30. Rxd6 Qxd6 31. Nxe4 Qf8 32. Rg1 Qxf5 0-1

[Event "OLSW 2324 SK Frankenthal - SVG Saarbrüc"]
[Site "?"]
[Date "2023.12.03"]
[Round "4.2"]
[White "Tresch, Lukas"]
[Black "Vogel, Christian"]
[Result "0-1"]
[WhiteElo "2049"]
[BlackElo "2139"]
[PlyCount "68"]
[EventDate "2023.??.??"]

1. e4 c5 2. c3 Nf6 3. e5 Nd5 4. d4 cxd4 5. Nf3 e6 6. cxd4 b6 7. Bd3 Bb4+ 8. Bd2 Ba6 9. Bxb4 Nxb4 10. Bxa6 N8xa6 11. Nc3 Nc7 12. O-O O-O 13. Rc1 Nbd5 14. Ne4 f5 15. exf6 Nxf6 16. Qe2 Ncd5 17. g3 Rc8 18. Ne5 Rc7 19. Rfe1 Qb8 20. Ng5 h6 21. Ne4 Rfc8 22. Nxf6+ Nxf6 23. Qd2 Rxc1 24. Rxc1 Qb7 25. Rc2 d6 26. Ng6 Kf7 27. Nf4 g5 28. Nd3 Rxc2 29. Qxc2 Qe4 30. Qc4 Nd5 31. Nb4 Qe1+ 32. Kg2 Qxb4 33. Qc6 Qxd4 34. Qb7+ Ne7 0-1

[Event "OLSW 2324 SK Frankenthal - SVG Saarbrüc"]
[Site "?"]
[Date "2023.12.03"]
[Round "4.3"]
[White "Mohammad, Samir"]
[Black "Huseynov, Ahad"]
[Result "1/2-1/2"]
[WhiteElo "2293"]
[BlackElo "2078"]
[PlyCount "143"]
[EventDate "2023.??.??"]

1. d4 Nf6 2. c4 e6 3. Nc3 Bb4 4. e3 d5 5. Nf3 O-O 6. Bd3 c5 7. O-O cxd4 8. exd4 dxc4 9. Bxc4 Nbd7 10. Re1 Nb6 11. Bd3 Be7 12. Ne5 Bd7 13. Bg5 h6 14. Bh4 Rc8 15. Rc1 Bc6 16. Bb1 Nbd5 17. Qb3 Qb6 18. Nxd5 Bxd5 19. Qxb6 axb6 20. Nd7 Rxc1 21. Rxc1 g5 22. Nxf8 gxh4 23. Nd7 Nxd7 24. Rc7 Bc6 25. d5 exd5 26. Bf5 Bd6 27. Rxd7 Bxd7 28. Bxd7 Be5 29. b3 Kf8 30. Bc8 Ke7 31. h3 Kd6 32. Bxb7 Bc3 33. Kf1 Ke5 34. Ke2 Ke4 35. Ba6 Bb4 36. Bd3+ Ke5 37. Bh7 Bc5 38. Bg8 Kf6 39. Bh7 Ke5 40. a4 Bb4 41. Kd3 Be1 42. Ke3 f5 43. Bg8 Bb4 44. f4+ Kd6 45. Bf7 Bc5+ 46. Kf3 Bb4 47. Bg6 Ke6 48. Be8 Bd2 49. Bb5 Bb4 50. Ba6 Bd2 51. Bc8+ Kf6 52. Bd7 Bc1 53. b4 Bd2 54. a5 bxa5 55. b5 Bb4 56. b6 Bc5 57. b7 Ba7 58. Ke2 Bb8 59. Ke3 Ba7+ 60. Kd3 Bb8 61. Kd4 Ke7 62. Bxf5 Bxf4 63. Kxd5 Kd8 64. Kc6 a4 65. Be6 a3 66. Ba2 Bg3 67. Bb3 Bf4 68. Be6 Bg3 69. Kb6 Bf2+ 70. Kb5 Kc7 71. Kb4 Kxb7 72. Kxa3 1/2-1/2

[Event "OLSW 2324 SK Frankenthal - SVG Saarbrüc"]
[Site "?"]
[Date "2023.12.03"]
[Round "4.4"]
[White "Syska, Albert"]
[Black "Spielmann, Alain"]
[Result "0-1"]
[WhiteElo "2160"]
[BlackElo "2176"]
[PlyCount "66"]
[EventDate "2023.??.??"]

1. e4 c6 2. d4 d5 3. exd5 cxd5 4. Bd3 Nc6 5. c3 Qc7 6. Ne2 Bg4 7. f3 Bd7 8. Bf4 e5 9. dxe5 Nxe5 10. Bg3 Bd6 11. O-O Ne7 12. Nd4 O-O 13. Bc2 Rfe8 14. Nd2 N7c6 15. Kh1 Nxd4 16. cxd4 Nc6 17. Bxd6 Qxd6 18. Nb3 Nb4 19. Nc5 Bb5 20. Ba4 Bxf1 21. Bxe8 Bxg2+ 22. Kxg2 Rxe8 23. a3 Qg6+ 24. Kh1 Nc2 25. Rc1 Re1+ 26. Qxe1 Nxe1 27. Rxe1 h5 28. Re2 b6 29. Nd7 Qf5 30. Re8+ Kh7 31. Nf8+ Kh6 32. Kg2 Qc2+ 33. Kg3 Qc6 0-1

[Event "OLSW 2324 SK Frankenthal - SVG Saarbrüc"]
[Site "?"]
[Date "2023.12.03"]
[Round "4.5"]
[White "Jenner, Meikel"]
[Black "Geyer, Bernhard"]
[Result "0-1"]
[WhiteElo "1957"]
[BlackElo "2134"]
[PlyCount "60"]
[EventDate "2023.??.??"]

1. e4 e6 2. d4 d5 3. Nc3 Nf6 4. e5 Nfd7 5. f4 c5 6. Nf3 Nc6 7. Be3 f6 8. exf6 Qxf6 9. Qd2 cxd4 10. Nxd4 Bb4 11. Bb5 Ne7 12. a3 Ba5 13. O-O O-O 14. Kh1 a6 15. Bd3 Nc5 16. b4 Nxd3 17. Qxd3 Bc7 18. Nce2 Bd7 19. Nf3 Bb5 20. Qd2 Nf5 21. Bc5 Rfe8 22. g4 Nd6 23. Bd4 Qg6 24. a4 Bc4 25. Qe3 Qxc2 26. Ng3 Bxf1 27. Rxf1 Nc4 28. Qe1 Bxf4 29. Nh5 e5 30. Ba1 Ne3 0-1

[Event "OLSW 2324 SK Frankenthal - SVG Saarbrüc"]
[Site "?"]
[Date "2023.12.03"]
[Round "4.6"]
[White "Halabi, Ibrahim"]
[Black "Zha, Kevin"]
[Result "0-1"]
[WhiteElo "2032"]
[BlackElo "1893"]
[PlyCount "126"]
[EventDate "2023.??.??"]

1. e4 g6 2. d4 Bg7 3. Nc3 d6 4. f4 Nf6 5. Nf3 O-O 6. e5 dxe5 7. fxe5 Nd5 8. Bc4 Nb6 9. Bb3 c5 10. dxc5 Qxd1+ 11. Nxd1 N6d7 12. e6 Nxc5 13. exf7+ Kh8 14. Bc4 Nc6 15. O-O e5 16. Be3 Ne6 17. Ng5 Ned4 18. c3 Nc2 19. Rc1 Nxe3 20. Nxe3 Nd8 21. Rcd1 Bh6 22. h4 Kg7 23. Rd6 b6 24. Bd5 Bxg5 25. hxg5 Bb7 26. Rxd8 Raxd8 27. Bxb7 Rxf7 28. Rxf7+ Kxf7 29. Bd5+ Ke7 30. c4 Rf8 31. g3 Kd6 32. b4 e4 33. Ng4 Rf3 34. Kg2 Ra3 35. Bxe4 Rxa2+ 36. Kf3 Ra4 37. c5+ bxc5 38. bxc5+ Kxc5 39. Nf6 Kd4 40. Kf4 Ra1 41. Bc6 a5 42. Kg4 a4 43. Nxh7 a3 44. Nf6 Rc1 45. Bd5 Rc4 46. Bxc4 Kxc4 47. Nd7 a2 48. Ne5+ Kd5 49. Nxg6 a1=Q 50. Kf5 Qb1+ 51. Kf6 Qb6+ 52. Kf7 Qe6+ 53. Kg7 Qd7+ 54. Kf6 Qc6+ 55. Kg7 Qc7+ 56. Kf6 Qd8+ 57. Kf5 Kd6 58. Nf4 Qd7+ 59. Kg6 Qg4 60. Nh5 Ke7 61. Kh6 Kf7 62. Nf4 Qxg3 63. g6+ Kg8 0-1

[Event "OLSW 2324 SK Frankenthal - SVG Saarbrüc"]
[Site "?"]
[Date "2023.12.03"]
[Round "4.7"]
[White "Busche, Stefan"]
[Black "Muths, Lukas"]
[Result "1-0"]
[WhiteElo "2032"]
[BlackElo "1917"]
[PlyCount "61"]
[EventDate "2023.??.??"]

1. e4 c5 2. Nf3 e6 3. d4 cxd4 4. Nxd4 Nf6 5. Nc3 Nc6 6. Be2 Bb4 7. Nxc6 bxc6 8. Bd2 Bxc3 9. Bxc3 Nxe4 10. Qd4 Nf6 11. O-O-O O-O 12. g4 Qb6 13. Qe5 d5 14. g5 Ne8 15. h4 Qc7 16. Qe3 c5 17. Be5 Qb6 18. h5 d4 19. Qg3 Bb7 20. Rh4 Rd8 21. Bd3 Nd6 22. g6 fxg6 23. hxg6 h6 24. Rxh6 gxh6 25. Qh3 Nf7 26. gxf7+ Kxf7 27. Qxh6 Ke7 28. Rg1 Rf7 29. Rg7 Rdf8 30. Qf6+ Ke8 31. Bg6 1-0

[Event "OLSW 2324 SK Frankenthal - SVG Saarbrüc"]
[Site "?"]
[Date "2023.12.03"]
[Round "4.8"]
[White "Prestel, Oliver"]
[Black "Horacek, Helmut"]
[Result "0-1"]
[WhiteElo "2032"]
[BlackElo "1942"]
[PlyCount "100"]
[EventDate "2023.??.??"]

1. c4 Nf6 2. Nc3 d5 3. cxd5 Nxd5 4. Nf3 g6 5. g3 Bg7 6. Bg2 O-O 7. O-O Nb6 8. d4 Nc6 9. e3 e5 10. d5 Na5 11. b4 Nac4 12. Qb3 Bd7 13. Rd1 Qe7 14. Nd2 Nd6 15. a4 a5 16. b5 Qd8 17. Ba3 f5 18. Rac1 Kh8 19. Ne2 Rg8 20. Rc2 Nbc8 21. Rdc1 Ne8 22. Nc4 Ncd6 23. Bb2 Qe7 24. Ba3 b6 25. Bh3 Rd8 26. Nc3 Bf6 27. f3 Qg7 28. Nxd6 cxd6 29. e4 Rf8 30. Rf1 Rc8 31. Nd1 Rxc2 32. Qxc2 Be7 33. Bc1 Bd8 34. Ne3 fxe4 35. Bxd7 Qxd7 36. fxe4 Rxf1+ 37. Kxf1 Bg5 38. Qc6 Qf7+ 39. Ke2 Nf6 40. Kd3 Bxe3 41. Qc8+ Kg7 42. Kxe3 h5 43. h3 Qd7 44. Qxd7+ Nxd7 45. Kd3 Nc5+ 46. Kc4 Kf6 47. h4 Nxe4 48. Be3 Nc5 49. Bg5+ Kf7 50. Bd8 Nxa4 0-1

[Event "OLSW 2324 Turm Illingen - SG Kaiserslaut"]
[Site "?"]
[Date "2023.12.03"]
[Round "4.1"]
[White "Huschens, Matthias"]
[Black "Mayer, Frank"]
[Result "0-1"]
[WhiteElo "2072"]
[BlackElo "2264"]
[PlyCount "94"]
[EventDate "2023.??.??"]

1. d4 e6 2. Nf3 f5 3. Bf4 Nf6 4. e3 b6 5. h4 Bb7 6. h5 Be7 7. Nc3 O-O 8. Bc4 Bb4 9. a3 Bxc3+ 10. bxc3 Nc6 11. Bd3 d6 12. Bc4 Qe7 13. h6 g6 14. Bg5 Na5 15. Ba2 Ba6 16. Nd2 d5 17. Rh4 Qd6 18. Qc1 Rac8 19. Qb2 Ne4 20. Nxe4 fxe4 21. Rf4 Bc4 22. Qb4 c5 23. dxc5 Rxc5 24. Bxc4 Nxc4 25. Rxf8+ Qxf8 26. Qa4 Rc7 27. Bf4 e5 28. Bg3 Kf7 29. Qb5 Ke6 30. Rd1 Rc5 31. Qa6 Qb8 32. Qa4 Nb2 33. Qb4 Nxd1 34. Kxd1 Qc8 35. Bh4 Qc6 36. a4 a5 37. Qa3 Kf5 38. c4 dxc4 39. Kc1 c3 40. Be7 Rd5 41. Bh4 Qc5 42. Qb3 g5 43. Bg3 Kf6 44. Bh2 Rd8 45. Bg3 Qb4 46. f3 Qxb3 47. cxb3 Rd2 0-1

[Event "OLSW 2324 Turm Illingen - SG Kaiserslaut"]
[Site "?"]
[Date "2023.12.03"]
[Round "4.2"]
[White "Hoppstaedter, Daniel"]
[Black "Weller, Manuel"]
[Result "1/2-1/2"]
[WhiteElo "2172"]
[BlackElo "2242"]
[PlyCount "69"]
[EventDate "2023.??.??"]

1. d4 Nf6 2. Bg5 c5 3. Bxf6 gxf6 4. d5 Qb6 5. Qc1 f5 6. c4 d6 7. Nc3 Nd7 8. e3 Ne5 9. Qc2 Bg7 10. Nge2 Qxb2 11. Qxb2 Nd3+ 12. Kd2 Nxb2 13. Ng3 Na4 14. Nge2 Bd7 15. Rb1 Nxc3 16. Nxc3 b6 17. Bd3 e6 18. Ne2 Ke7 19. Ng3 Rab8 20. e4 f4 21. Nh5 Bd4 22. Nxf4 e5 23. Nh5 Rhg8 24. g3 Bg4 25. Be2 Bxh5 26. Bxh5 Rg5 27. Bd1 Bxf2 28. Ba4 Bd4 29. Rhf1 Rf8 30. Bc2 h5 31. Rb3 h4 32. Ra3 Ra8 33. Raf3 Rf8 34. Ra3 Ra8 35. Raf3 1/2-1/2

[Event "OLSW 2324 Turm Illingen - SG Kaiserslaut"]
[Site "?"]
[Date "2023.12.03"]
[Round "4.3"]
[White "Yakovenko, Oleg"]
[Black "Feidt, Jonas"]
[Result "1/2-1/2"]
[WhiteElo "2270"]
[BlackElo "1946"]
[PlyCount "74"]
[EventDate "2023.??.??"]

1. Nf3 Nf6 2. c4 c5 3. d4 e6 4. Nc3 cxd4 5. Nxd4 Bb4 6. g3 Ne4 7. Qd3 Qa5 8. Nb3 Qf5 9. Qe3 Nc6 10. Bg2 Nxc3 11. bxc3 Be7 12. c5 O-O 13. O-O d5 14. cxd6 Bxd6 15. Nd4 Nxd4 16. cxd4 Rb8 17. Ba3 Bxa3 18. Qxa3 Bd7 19. e4 Qb5 20. Rab1 Qa4 21. Qxa4 Bxa4 22. Rfc1 Rfd8 23. Rc7 b5 24. d5 exd5 25. exd5 a6 26. Re1 Re8 27. Rxe8+ Rxe8 28. f4 Kf8 29. Kf2 b4 30. Bf1 Bb5 31. d6 Rd8 32. Bxb5 axb5 33. Rc6 Ke8 34. Rb6 Ra8 35. Rxb5 Rxa2+ 36. Ke3 Kd7 37. Rxb4 Kxd6 1/2-1/2

[Event "OLSW 2324 Turm Illingen - SG Kaiserslaut"]
[Site "?"]
[Date "2023.12.03"]
[Round "4.4"]
[White "Klein, Joachim"]
[Black "Albert, Marco"]
[Result "1-0"]
[WhiteElo "2192"]
[BlackElo "2178"]
[PlyCount "79"]
[EventDate "2023.??.??"]

1. e4 c5 2. Nf3 d6 3. d4 cxd4 4. Nxd4 Nf6 5. Nc3 a6 6. Rg1 b5 7. g4 Bb7 8. f3 e6 9. g5 Nfd7 10. Be3 Nc6 11. Qd2 Rc8 12. O-O-O Nde5 13. Rg3 Qa5 14. Nb3 Qc7 15. Qf2 Nd7 16. Kb1 g6 17. f4 Bg7 18. f5 Bxc3 19. bxc3 Nce5 20. Bc1 b4 21. fxe6 fxe6 22. Qd4 Ke7 23. Qxb4 Nc5 24. Ba3 a5 25. Qd4 a4 26. Nxc5 dxc5 27. Qe3 Rhf8 28. Be2 Rf7 29. Rgg1 Ke8 30. Bb5+ Bc6 31. Be2 Bb7 32. Rgf1 Ba6 33. Bxa6 Qb6+ 34. Ka1 Qxa6 35. Rxf7 Nxf7 36. Bxc5 Qb5 37. Bb4 Qxg5 38. Qa7 Ne5 39. Qxh7 Nd3 40. Qg8+ 1-0

[Event "OLSW 2324 Turm Illingen - SG Kaiserslaut"]
[Site "?"]
[Date "2023.12.03"]
[Round "4.5"]
[White "Sievers, Andy"]
[Black "Biehler, Thomas"]
[Result "1/2-1/2"]
[WhiteElo "2104"]
[BlackElo "2240"]
[PlyCount "42"]
[EventDate "2023.??.??"]

1. e4 c5 2. Nf3 Nc6 3. d4 cxd4 4. Nxd4 e5 5. Nb5 d6 6. c4 g6 7. Bd3 Be6 8. N1c3 a6 9. Na3 Bg7 10. O-O Nge7 11. Nd5 Rc8 12. Bg5 h6 13. Bf6 O-O 14. Nc2 Bxf6 15. Nxf6+ Kg7 16. Nd5 f5 17. f4 Bxd5 18. cxd5 Qb6+ 19. Kh1 Nd4 20. fxe5 dxe5 21. Ne3 fxe4 1/2-1/2

[Event "OLSW 2324 Turm Illingen - SG Kaiserslaut"]
[Site "?"]
[Date "2023.12.03"]
[Round "4.6"]
[White "Giese, Tilman"]
[Black "Lauer, Marius"]
[Result "0-1"]
[WhiteElo "2001"]
[BlackElo "2107"]
[PlyCount "68"]
[EventDate "2023.??.??"]

1. Nf3 d5 2. g3 Nf6 3. Bg2 e6 4. O-O Be7 5. d3 b6 6. Nbd2 Bb7 7. c3 O-O 8. Qc2 Nbd7 9. Re1 Re8 10. e4 Nf8 11. e5 N6d7 12. h4 f6 13. exf6 Bxf6 14. d4 c5 15. Nf1 Rc8 16. Qb3 cxd4 17. cxd4 Nb8 18. Bd2 Nc6 19. Bc3 Re7 20. g4 Rf7 21. g5 Be7 22. N1h2 Qd6 23. Ng4 Rf4 24. Nge5 Nxe5 25. dxe5 Qd7 26. Kh2 Ng6 27. Bd2 Rg4 28. Bh3 Rgc4 29. Kg3 Rf8 30. Rac1 Bc5 31. Bg4 Bxf2+ 32. Kxf2 Rxg4 33. Ke2 d4 34. Rf1 d3+ 0-1

[Event "OLSW 2324 Turm Illingen - SG Kaiserslaut"]
[Site "?"]
[Date "2023.12.03"]
[Round "4.7"]
[White "Roelle, Philipp"]
[Black "Kuhn, Patrick"]
[Result "1/2-1/2"]
[WhiteElo "2107"]
[BlackElo "2084"]
[PlyCount "188"]
[EventDate "2023.??.??"]

1. Nf3 d5 2. b3 Bg4 3. Ne5 Bf5 4. e3 f6 5. Nf3 e5 6. d4 e4 7. Nfd2 Bd6 8. c4 c6 9. Ba3 Bxa3 10. Nxa3 Ne7 11. b4 O-O 12. Qb3 Kh8 13. Nc2 Bg6 14. c5 f5 15. g3 a6 16. a4 Nd7 17. Qc3 Qc7 18. Be2 Bf7 19. h4 h6 20. Nb3 Kg8 21. h5 Nf6 22. Kf1 Qd7 23. Qd2 Rfb8 24. Qd1 Qe8 25. a5 Kh8 26. Ne1 Nh7 27. Ng2 Ng5 28. Nf4 Ng8 29. Ke1 Nf6 30. Kd2 Kg8 31. Kc3 Kf8 32. Nd2 Ke7 33. Rh4 Qd7 34. Qg1 Rf8 35. Qg2 Rae8 36. Rg1 Kd8 37. Nf1 Ne6 38. Nxe6+ Bxe6 39. Nd2 Rf7 40. Qf1 Qc8 41. Rg2 f4 42. gxf4 Bh3 43. Qh1 Bxg2 44. Qxg2 Qe6 45. Qh2 Rg8 46. Bf1 Nd7 47. Bh3 Qe7 48. Bxd7 Kxd7 49. Nf1 Kc8 50. Ng3 Rf6 51. f5 Rgf8 52. Qh3 Qd7 53. Rf4 Re8 54. Qg2 Kb8 55. f3 exf3 56. Qxf3 Ref8 57. e4 dxe4 58. Rxe4 Qd5 59. Qf4+ Ka7 60. Re5 Qa2 61. Qe3 Qa3+ 62. Kc4 Qxe3 63. Rxe3 Rxf5 64. Nxf5 Rxf5 65. Re5 Rf6 66. d5 Rf4+ 67. Kb3 Rf3+ 68. Kc4 Rf4+ 69. Kc3 cxd5 70. Rxd5 Rg4 71. Rd7 Kb8 72. Rd6 Kc7 73. Rd5 Kc6 74. Rd6+ Kc7 75. Rd4 Rg5 76. Rh4 Kc6 77. Kc4 Rf5 78. Rg4 Rg5 79. Rh4 Rf5 80. Rg4 Rg5 81. Rh4 Rf5 82. Rg4 Rg5 83. Re4 Rxh5 84. Re6+ Kc7 85. Re7+ Kc6 86. Rxg7 Rh4+ 87. Kb3 h5 88. Rg6+ Kc7 89. Rb6 Rh1 90. c6 bxc6 91. Rxa6 Kb7 92. Rb6+ Kc7 93. Ra6 Kb7 94. Rb6+ Kc7 1/2-1/2

[Event "OLSW 2324 Turm Illingen - SG Kaiserslaut"]
[Site "?"]
[Date "2023.12.03"]
[Round "4.8"]
[White "Windmueller, Simon"]
[Black "Klein, Levent"]
[Result "1/2-1/2"]
[WhiteElo "2015"]
[BlackElo "1735"]
[PlyCount "48"]
[EventDate "2023.??.??"]

1. Nf3 d5 2. e3 Nf6 3. c4 e6 4. b3 Be7 5. Bb2 c6 6. Nc3 O-O 7. Qc2 Nbd7 8. Be2 dxc4 9. Bxc4 b5 10. Be2 Bb7 11. O-O a6 12. Rac1 Rc8 13. Rfd1 Qb6 14. h3 Rfd8 15. d3 h6 16. Nd2 Nd5 17. Nxd5 cxd5 18. Qb1 Bf6 19. Bxf6 Nxf6 20. d4 b4 21. Rxc8 Rxc8 22. Rc1 Rc6 23. Bd3 Qc7 24. Rxc6 Qxc6 1/2-1/2